| 000 | 00442nam a22001577a 4500 | ||
|---|---|---|---|
| 005 | 20250410033924.0 | ||
| 008 | 250410b |||||||| |||| 00| 0 eng d | ||
| 020 | _a9789350550281 | ||
| 082 |
_222 _a100 _bVAI |
||
| 100 | _aSubramaniyasivam | ||
| 245 | _aVaikam Virar E.V.R. Periyar | ||
| 260 |
_aChennai _bApple Publishing International (Pvt) Ltd _c2011 |
||
| 300 | _a64 p ., | ||
| 500 | _aE.V.R. Periyar padriya kadoorai puthagam | ||
| 942 | _cL | ||
| 999 |
_c6020 _d6020 |
||